Normal view
MARC view
Entry Personal Name
001 - CONTROL NUMBER
- control field: 1156583
003 - CONTROL NUMBER IDENTIFIER
- control field: OSt
005 - DATE AND TIME OF LATEST TRANSACTION
- control field: 20260324115934.0
008 - FIXED-LENGTH DATA ELEMENTS
- fixed length control field: 260324|| aca||aabn | a|a d
040 ## - CATALOGING SOURCE
- Original cataloging agency: OSt
- Transcribing agency: OSt
100 ## - HEADING--PERSONAL NAME
- Personal name: Mordechai Abir
670 ## - SOURCE DATA FOUND
- Source citation: Work cat.: (OSt)1747838: Mordechai Abir, Saudi Arabia in the Oil Era (RLE Saudi Arabia)
